| Tag |
First Indicator |
Second Indicator |
Subfields |
| LEADER |
00000cam a2200000 a 4500 |
| 001 |
in00000011567 |
| 005 |
20151007052108.0 |
| 008 |
870220s1987 paua b 10100 eng |
| 010 |
|
|
|a 87005587
|
| 020 |
|
|
|a 0931837405
|
| 035 |
|
|
|a (OCoLC)15282931
|
| 035 |
|
|
|9 AAA6253AM
|
| 040 |
|
|
|a DLC
|c DLC
|d TXA
|d UtOrBLW
|
| 049 |
|
|
|a TXAM
|c [A11047038]
|
| 050 |
0 |
0 |
|a TA418.6
|b .B42 1987
|
| 082 |
0 |
|
|a 620.1/1228
|2 19
|
| 245 |
0 |
0 |
|a Beam-solid interactions and transient processes :
|b symposium held December 1-4, 1986, Boston, Massachusetts U.S.A. /
|c editors, Michael O. Thompson, S. Thomas Picraux, James S. Williams.
|
| 264 |
|
1 |
|a Pittsburgh, Pa. :
|b Materials Research Society,
|c [1987]
|
| 264 |
|
4 |
|c ©1987
|
| 300 |
|
|
|a xxi, 750 pages :
|b illustrations ;
|c 24 cm.
|
| 336 |
|
|
|a text
|b txt
|2 rdacontent
|
| 337 |
|
|
|a unmediated
|b n
|2 rdamedia
|
| 338 |
|
|
|a volume
|b nc
|2 rdacarrier
|
| 490 |
1 |
|
|a Materials Research Society symposia proceedings,
|x 0272-9172 ;
|v v. 74
|
| 500 |
|
|
|a "Papers presented at the Materials Research Society Symposium on Beam-Solid Interactions and Transient Processes which was held December 1-4, 1986 in Boston, Massachusetts"--Pref.
|
| 504 |
|
|
|a Includes bibliographies and indexes.
|
| 650 |
|
0 |
|a Materials
|x Effect of radiation on
|v Congresses.
|
| 650 |
|
0 |
|a Semiconductors
|x Effect of radiation on
|v Congresses.
|
| 650 |
|
0 |
|a Phase transformations (Statistical physics)
|v Congresses.
|
| 650 |
|
0 |
|a Crystal growth
|v Congresses.
|
| 650 |
|
0 |
|a Annealing of crystals
|x Congresses.
|
| 650 |
|
0 |
|a Laser beams
|v Congresses.
|
| 700 |
1 |
|
|a Thompson, Michael O.
|
| 700 |
1 |
|
|a Picraux, S. T.,
|d 1943-
|
| 700 |
1 |
|
|a Williams, James S.
|q (James Stanislaus),
|d 1948-
|
| 710 |
2 |
|
|a Materials Research Society.
|
| 711 |
2 |
|
|a Materials Research Society Symposium on Beam-Solid Interactions and Transient Processes
|d (1986 :
|c Boston, Mass.)
|
| 830 |
|
0 |
|a Materials Research Society symposia proceedings ;
|v v. 74.
|
| 999 |
|
|
|a MARS
|
| 999 |
f |
f |
|s 23d81b6e-10f5-3741-ada5-25ba500a37ac
|i 7643229b-5b1b-3404-940c-76c6be1b5af7
|t 0
|
| 952 |
f |
f |
|p ric
|a Texas A&M University
|b Rellis Campus
|c Joint Library Facility
|d Remote Storage
|t 0
|e TA418.6 .B42 1987
|h Library of Congress classification
|i unmediated -- volume
|m A14811047038
|
| 998 |
f |
f |
|a TA418.6 .B42 1987
|t 0
|l Remote Storage
|